00362nam a2200133 450000500170000010000250001724500470004226400350008930000170012433600220014133700240016333800240018799900170021120260530113855.01 aNorman Potter93166610aWhat is a designer: education and practice 1bSutudio Vista / Reinholdc1969 a96 páginas atexto2rdacontent asin medio2rdamedia avolumen2rdacarrier c11599d11599